000 00557nab a2200145Ia 4500
003 ES-SlBCS
005 20210601141351.0
008 140529s2009 xxu||||| |||| 00| 0 spa d
041 _aspa
100 1 _aMolina Puche, Sebastián
_974120
245 0 0 _aLa figura de Floridablanca y la enseñanza de la Historia en Educación Primaria y Secundaria: una propuesta didáctica
_c Sebastián Molina Puche
650 0 4 _aInnovación Educativa
_9123931
773 0 _tEducatio Siglo XXI (Antes Anales de Pedagogía)
_gnº. 27, 2009, págs. 191-206
_wEduSi
942 _cAR
999 _c659611
_d659611